La tradición de la ley natural : (Record no. 144976)
[ view plain ]
| 000 -LEADER | |
|---|---|
| campo de control de longitud fija | 00886nam a2200253 4500 |
| 001 - NÚMERO DE CONTROL | |
| campo de control | 144976 |
| 003 - IDENTIFICADOR DE NÚMERO DE CONTROL | |
| campo de control | ES-MaACL |
| 005 - FECHA Y HORA DE LA ÚLTIMA TRANSACCIÓN | |
| campo de control | 20250829131211.0 |
| 007 - CAMPO FIJO DE DESCRIPCIÓN FÍSICA--INFORMACIÓN GENERAL | |
| campo de control de longitud fija | t| |
| 008 - DATOS DE LONGITUD FIJA--INFORMACIÓN GENERAL | |
| campo de control de longitud fija | 070214s1968 sp r ||||1| spa d |
| 080 ## - NÚMERO DE LA CLASIFICACIÓN DECIMAL UNIVERSAL | |
| Número de la Clasificación Decimal Universal | 340.13 |
| 080 ## - NÚMERO DE LA CLASIFICACIÓN DECIMAL UNIVERSAL | |
| Número de la Clasificación Decimal Universal | 241.183 |
| 100 1# - ENTRADA PRINCIPAL--NOMBRE DE PERSONA | |
| Nombre de persona | Simon, Yves René Marie, |
| Fechas asociadas al nombre | 1903-1961 |
| 9 (RLIN) | 106539 |
| 245 13 - MENCIÓN DEL TÍTULO | |
| Título | La tradición de la ley natural : |
| Resto del título | reflexiones de un filósofo / |
| Mención de responsabilidad, etc. | Yves R. Simon ; edición preparada por Vukan Kuic ; traducción de Ignacio de Despujol. |
| 260 ## - PUBLICACIÓN, DISTRIBUCIÓN, ETC. | |
| Lugar de publicación, distribución, etc. | Madrid : |
| Nombre del editor, distribuidor, etc. | Razón y Fe, |
| Fecha de publicación, distribución, etc. | 1968. |
| 300 ## - DESCRIPCIÓN FÍSICA | |
| Extensión | 210 p. ; |
| Dimensiones | 20 cm. |
| 490 1# - MENCIÓN DE SERIE | |
| Mención de serie | Biblioteca de filosofía y pedagogía |
| 650 #7 - PUNTO DE ACCESO ADICIONAL DE MATERIA--TÉRMINO DE MATERIA | |
| Término de materia o nombre geográfico como elemento de entrada | Derecho natural |
| Fuente del encabezamiento o término | embne |
| 9 (RLIN) | 11744 |
| 700 1# - ENTRADA AGREGADA--NOMBRE PERSONAL | |
| Nombre de persona | Kuic, Vukan. |
| 9 (RLIN) | 68999 |
| 700 1# - ENTRADA AGREGADA--NOMBRE PERSONAL | |
| Nombre de persona | Despujol, Ignacio de. |
| 9 (RLIN) | 43928 |
| 830 10 - PUNTO DE ACCESO ADICIONAL DE SERIE-TÍTULO UNIFORME | |
| Título uniforme | Biblioteca de filosofía y pedagogía (Razón y Fe) |
| 9 (RLIN) | 181685 |
| 852 4# - LOCALIZACIÓN | |
| Ubicación | ES-MaACL |
| Número de control de estantería | G-3923 |
| Estatus retirado | Estado de pérdida | Estado de daño | No para préstamo | Biblioteca de origen | Biblioteca actual | Ubicación en estantería | Fecha de adquisición | Fuente de adquisición | Total de préstamos | Signatura topográfica completa | Código de barras | Visto por última vez | Precio de reemplazo | Tipo de ítem Koha |
|---|---|---|---|---|---|---|---|---|---|---|---|---|---|---|
| Biblioteca del Ateneo de Madrid | Biblioteca del Ateneo de Madrid | Depósito 2 | 17/01/2008 | G-3923 | 1151293 | 23/02/2023 | 23/02/2023 | Libro impreso |
